| 000 | 01024naa a22003017a 4500 | ||
|---|---|---|---|
| 001 | BR7902852 | ||
| 003 | BR-BrBNA | ||
| 005 | 20240918174357.0 | ||
| 007 | ta | ||
| 008 | 230509b bl.||||| |||| 00| 0 por d | ||
| 040 |
_aBR-BrBNA _bpor _cBiblioteca Nacional de Agricultura |
||
| 041 | _a(Pt) | ||
| 072 |
_aL10 _b5250 _b5240 |
||
| 090 | _aL10 BR7902852 | ||
| 100 | 1 | _aFigueiro, P.R.P. | |
| 111 | 1 |
_a1. Semana Brasileira do Caprino _cSobral, CE (Brazil) _d6 Nov 1977 |
|
| 245 | 1 | _aProducao e reproducao das especies caprina e ovina [Capra hircus; Ovis aries] | |
| 260 | 3 |
_aSobral, CE (Brasil): _c1978. |
|
| 500 | _a1. Semana Brasileira do Caprino Sobral, CE (Brasil): 1978. p. 55-76 (BR7902852-AM)L10 | ||
| 650 | _aMelhoramento genetico animal | ||
| 650 | _aCaprino | ||
| 650 | _aOvino | ||
| 650 | _aReproducao animal | ||
| 650 | _aAcasalamento | ||
| 773 | 0 |
_t1. Semana Brasileira do Caprino _wL10 BR7902852 _gSobral, CE (Brasil), 1978. p. 55-76 |
|
| 909 |
_a202404 _bLucia _c55 _dLucia Elande |
||
| 942 |
_cAM _2AGRIS |
||
| 999 |
_c310839 _d310839 |
||